| 000 | 00724nam a2200193 a 4500 | ||
|---|---|---|---|
| 003 | 0 | ||
| 005 | 20250203075323.0 | ||
| 008 | 130817s19uu xx 00 eng d | ||
| 050 |
_aPHS ML 3918.P67 _b.T255 2013 |
||
| 100 | _aTecson, Naomi Gaile Custodio | ||
| 245 |
_aThe relationship of music influence and fashion values of grade-11 high school students / _cNaomi Gaile Custodio Tecson. |
||
| 260 |
_aLas PiƱas City, Philippines : _bSouthville International School and Colleges, _c2013. |
||
| 300 |
_a40 p. : _bill. ; _c28 cm. |
||
| 504 | _aIncludes bibliographical references. | ||
| 650 | _aMusic and youth culture. | ||
| 650 |
_aMusic _vSocial aspects. |
||
| 650 |
_aFashion _vPsychological aspects. |
||
| 942 |
_2lcc _cPASS |
||
| 999 |
_c98926 _d98926 |
||